guess the country by its map #1 - Statistics

General Stats
  • This quiz has been taken 46 times
  • The average score is 11 of 16
Answer Stats
Picture Answer % Correct
italy
92%
japan
92%
usa
92%
iceland
86%
russia
81%
brazil
78%
argentina
76%
germany
76%
portugal
68%
algeria
62%
ukraine
62%
kazakhstan
59%
north korea
46%
zambia
46%
zimbabwe
43%
south sudan
22%
No matching quizzes found
Score Distribution
Percent of People with Each Score
Percentile by Number Answered
Your Score History
You have not taken this quiz